[Event "ITA-ch sf"]
[Site "Massafra"]
[Date "2005.06.23"]
[Round "6"]
[White "Ariete, Gerardo"]
[Black "Crudele, Michele"]
[Result "1-0"]
[WhiteElo "2101"]
[BlackElo "1969"]
[PlyCount "113"]
[EventDate "2005.06.18"]
[EventType "swiss"]
[EventRounds "7"]
[EventCountry "ITA"]
[SourceTitle "CBM 106 Extra"]
[Source "ChessBase"]
[SourceDate "2005.07.01"]
[SourceVersion "1"]
[SourceVersionDate "2005.07.01"]
[SourceQuality "1"]

1. e4 Nc6 2. d4 d5 3. e5 Bf5 4. Nf3 e6 5. c3 Nge7 6. Bd3 Qd7 7. Na3 h6 8. b4 Bxd3 9. Qxd3 Ng6 10. Nc2 a5 11. a3 axb4 12. axb4 Rxa1 13. Nxa1 Be7 14. Bd2 0-0 15. 0-0 Ra8 16. Nb3 Ra2 17. Rb1 b6 18. Ne1 Bf8 19. Nc2 Ra8 20. g3 Nce7 21. h4 f5 22. Nc1 Qe8 23. Ne2 Ra2 24. b5 Nc8 25. Nb4 Bxb4 26. Rxb4 c5 27. bxc6 Qxc6 28. Nc1 Ra7 29. Qb1 Nf8 30. Nd3 Nh7 31. Kg2 g5 32. hxg5 hxg5 33. Ne1 Qe8 34. Nf3 Qh5 35. Qc1 Rg7 36. c4 Rc7 37. Bxg5 Rg7 38. Bh4 Ne7 39. Bxe7 Rxe7 40. cxd5 f4 41. Qxf4 Rf7 42. Qe3 Ra7 43. Qe1 Rf7 44. Qc3 Nf8 45. dxe6 Nxe6 46. d5 Nc5 47. Qe3 Rg7 48. Rxb6 Nd7 49. Rh6 Qf5 50. Rh4 Nf8 51. Rf4 Qh5 52. Nh4 Nh7 53. Rc4 Qd1 54. Rc8+ Nf8 55. Qf3 Qxf3+ 56. Nxf3 Rh7 57. e6 1-0

[Event "Taranto op 1st"]
[Site "Taranto"]
[Date "2002.08.31"]
[Round "4"]
[White "Ariete, Gerardo"]
[Black "Ljubisavljevic, Zivojin Z"]
[Result "0-1"]
[WhiteElo "2106"]
[BlackElo "2275"]
[PlyCount "80"]
[EventDate "2002.08.29"]
[EventType "swiss"]
[EventRounds "7"]
[EventCountry "ITA"]
[SourceTitle "EXT 2007"]
[Source "ChessBase"]
[SourceDate "2006.11.23"]
[SourceVersion "1"]
[SourceVersionDate "2006.11.23"]
[SourceQuality "1"]

1. e4 e6 2. d4 d5 3. e5 c5 4. c3 Bd7 5. Nf3 Qb6 6. Qb3 h6 7. Be3 c4 8. Qxb6 axb6 9. Nbd2 b5 10. b4 cxb3 11. Nxb3 b4 12. c4 dxc4 13. Bxc4 Bc6 14. Ke2 Ne7 15. Rhc1 Nd7 16. Bd2 Nb6 17. Bd3 Ned5 18. Be4 Be7 19. Nc5 0-0 20. Ne1 Bg5 21. Bxg5 hxg5 22. Ned3 Nc3+ 23. Rxc3 bxc3 24. Bxc6 bxc6 25. Nb4 Ra3 26. Kd3 Rfa8 27. Kc2 Nd5 28. Ncd3 R8a4 29. Rb1 g4 30. Rb3 Nxb4+ 31. Nxb4 Rxa2+ 32. Nxa2 Rxa2+ 33. Kxc3 Rxf2 34. Rb2 Rxb2 35. Kxb2 Kh7 36. Kc3 Kg6 37. Kc4 Kf5 38. Kc5 Ke4 39. Kxc6 Kxd4 40. Kd6 g5 0-1

[Event "Taranto op 1st"]
[Site "Taranto"]
[Date "2002.08.31"]
[Round "5"]
[White "Lorusso, Lucio"]
[Black "Ariete, Gerardo"]
[Result "1-0"]
[WhiteElo "1902"]
[BlackElo "2106"]
[PlyCount "89"]
[EventDate "2002.08.29"]
[EventType "swiss"]
[EventRounds "7"]
[EventCountry "ITA"]
[SourceTitle "EXT 2007"]
[Source "ChessBase"]
[SourceDate "2006.11.23"]
[SourceVersion "1"]
[SourceVersionDate "2006.11.23"]
[SourceQuality "1"]

1. e4 e5 2. Nf3 Nc6 3. Bb5 a6 4. Bxc6 dxc6 5. 0-0 Qd6 6. d4 exd4 7. Nxd4 c5 8. Ne2 Bd7 9. Bf4 Qxd1 10. Rxd1 0-0-0 11. Nbc3 Ne7 12. f3 f6 13. Rd2 Nc6 14. Rad1 Ne5 15. b3 Bd6 16. Nd5 Be6 17. Nec3 Rhe8 18. Bg3 Nc6 19. Nb6+ Kb8 20. Bxd6 cxd6 21. Nca4 Kc7 22. c3 Bf7 23. Nd5+ Bxd5 24. Rxd5 b5 25. Nb2 Ne7 26. Rh5 h6 27. Rd2 Kc6 28. Nd3 d5 29. exd5+ Rxd5 30. Rxd5 Nxd5 31. c4 bxc4 32. bxc4 Nb6 33. Rc2 Re3 34. Nf4 g5 35. Nh5 f5 36. Kf2 Re6 37. Ng3 f4 38. Ne4 Re7 39. g3 Nd7 40. gxf4 gxf4 41. Rd2 Re6 42. Rxd7 Kxd7 43. Nxc5+ Kd6 44. Nxe6 Kxe6 45. Ke2 1-0

[Event "Taranto op 1st"]
[Site "Taranto"]
[Date "2002.08.30"]
[Round "3"]
[White "Ariete, Gerardo"]
[Black "Ferri, Stefano"]
[Result "1-0"]
[WhiteElo "2106"]
[BlackElo "2083"]
[PlyCount "85"]
[EventDate "2002.08.29"]
[EventType "swiss"]
[EventRounds "7"]
[EventCountry "ITA"]
[SourceTitle "EXT 2007"]
[Source "ChessBase"]
[SourceDate "2006.11.23"]
[SourceVersion "1"]
[SourceVersionDate "2006.11.23"]
[SourceQuality "1"]

1. e4 c5 2. c3 Nf6 3. e5 Nd5 4. d4 cxd4 5. cxd4 e6 6. Nf3 d6 7. Nc3 Nxc3 8. bxc3 Qc7 9. Qb3 Nd7 10. Bf4 b6 11. Be2 Be7 12. 0-0 Bb7 13. Rfe1 Rc8 14. Rac1 0-0 15. exd6 Bxd6 16. Bxd6 Qxd6 17. c4 Rfd8 18. Red1 Qe7 19. Qe3 h6 20. d5 e5 21. Bd3 Qf6 22. Qe4 g6 23. Bb1 Re8 24. Qe3 Rc5 25. Qxh6 Rec8 26. Ng5 Qg7 27. Qh4 Bxd5 28. Bd3 Nf6 29. Rb1 Bc6 30. Be2 Nh7 31. Nxh7 Qxh7 32. Rd8+ Rxd8 33. Qxd8+ Kg7 34. Rb3 Qh8 35. Qe7 Qa8 36. g4 Qb7 37. Qh4 e4 38. Rh3 Qa8 39. g5 Kf8 40. Qh8+ Ke7 41. Qf6+ Kd7 42. Qxf7+ Kd6 43. Qxg6+ 1-0

[Event "Taranto op 1st"]
[Site "Taranto"]
[Date "2002.08.29"]
[Round "1"]
[White "Cioara, Andrei Nestor"]
[Black "Ariete, Gerardo"]
[Result "1-0"]
[WhiteElo "2414"]
[BlackElo "2106"]
[PlyCount "79"]
[EventDate "2002.08.29"]
[EventType "swiss"]
[EventRounds "7"]
[EventCountry "ITA"]
[SourceTitle "EXT 2007"]
[Source "ChessBase"]
[SourceDate "2006.11.23"]
[SourceVersion "1"]
[SourceVersionDate "2006.11.23"]
[SourceQuality "1"]

1. e4 c6 2. d4 d5 3. e5 Bf5 4. Nf3 g6 5. Be2 Bg7 6. 0-0 Nh6 7. h3 Qd7 8. Bf4 f6 9. Re1 0-0 10. Bf1 g5 11. Bg3 b5 12. Nbd2 a5 13. a4 bxa4 14. Rxa4 c5 15. c4 cxd4 16. Nxd4 fxe5 17. Bxe5 dxc4 18. Nxc4 Ra7 19. g4 Bg6 20. Bxg7 Kxg7 21. Ne6+ Kg8 22. Nxf8 Kxf8 23. Qxd7 Nxd7 24. Rxa5 Rxa5 25. Nxa5 Nf7 26. Nc6 e5 27. Bc4 Nd6 28. Be6 Nc5 29. Nxe5 Be8 30. Bd5 Na4 31. b3 Nc3 32. Bc6 Bxc6 33. Nxc6 Nde4 34. b4 Nd2 35. Re3 Nb5 36. Rd3 Ne4 37. Rd5 Nbc3 38. Re5 Kf7 39. b5 h6 40. b6 1-0

[Event "Salento op 6th"]
[Site "Gallipoli"]
[Date "2001.07.01"]
[Round "5"]
[White "Ariete, Gerardo"]
[Black "Cecconi, Giovanni Alberto"]
[Result "1/2-1/2"]
[WhiteElo "1936"]
[BlackElo "2085"]
[PlyCount "58"]
[EventDate "2001.06.29"]
[EventType "swiss"]
[EventRounds "6"]
[EventCountry "ITA"]
[SourceTitle "EXT 2002"]
[Source "ChessBase"]
[SourceDate "2001.11.25"]
[SourceVersion "1"]
[SourceVersionDate "2001.11.25"]
[SourceQuality "1"]

1. e4 g6 2. d4 Bg7 3. c4 c5 4. Nf3 d6 5. Nc3 cxd4 6. Nxd4 Nf6 7. Be2 0-0 8. Be3 Nbd7 9. Qd2 Ne5 10. f3 Bd7 11. h4 Rc8 12. b3 Qa5 13. Kf2 Rfe8 14. g3 Neg4+ 15. Kg2 Nxe3+ 16. Qxe3 a6 17. Rhd1 h5 18. Rac1 Kh7 19. f4 Bg4 20. Nf3 Bxf3+ 21. Bxf3 Qc5 22. Qe2 Rc7 23. Nd5 Nxd5 24. Rxd5 Qa3 25. Rcd1 b5 26. f5 e6 27. fxg6+ fxg6 28. Rxd6 bxc4 29. bxc4 Qa4 1/2-1/2